Desde la época de los artesanos hasta su edad adulta: la negociación colectiva ofrece la clara ventaja de ser más flexible para introducir cambios /

Sábháilte in:
Sonraí bibleagrafaíochta
Príomhchruthaitheoir: Lee, Chang - Hee
Rannpháirtithe: Rueda - Catry, Marleen, Vega Ruiz, María Luz
Formáid: Téacs
Ábhair:
Clibeanna: Cuir clib leis
Níl clibeanna ann, Bí ar an gcéad duine le clib a chur leis an taifead seo!

MARC

LEADER 00000 a a2200000 04500
001 5551
003
040
100 |a Lee, Chang - Hee  
245 |a Desde la época de los artesanos hasta su edad adulta:   |b la negociación colectiva ofrece la clara ventaja de ser más flexible para introducir cambios /  |c Chang - Hee Lee ; Marleen Rueda - Catry ; María Luz Vega Ruiz 
650 |a NEGOCIACION COLECTIVA  
650 |a SINDICALISMO  
650 |a HISTORIA  
700 |a Rueda - Catry, Marleen  
700 |a Vega Ruiz, María Luz  
773 |g número 114 -115; páginas 5-18  
999 |c 32135  |d 32135